| 000 | 00878nam a2200253 i 4500 | ||
|---|---|---|---|
| 001 | 92568 | ||
| 003 | ES-MaACL | ||
| 005 | 20250824065257.0 | ||
| 007 | t| | ||
| 008 | 050328s1969 sp ||||1| spa d | ||
| 100 | 1 |
_aLittlewood, Joan. _972585 |
|
| 245 | 1 | 0 |
_aOh, qué bonita es la guerra! / _cde Joan Littlewood y el Theatre Workshop ; traducción de Carlos Rodríguez Sanz y Jorge Hidalgo. |
| 260 |
_aMadrid : _bCuadernos para el Diálogo, _c1969. |
||
| 300 |
_a131 p. ; _c18 cm. |
||
| 490 | 1 |
_aLibros de teatro ; _v18 |
|
| 700 | 1 |
_aRodríguez Sanz, Carlos. _998812 |
|
| 700 | 1 |
_aHidalgo, Jorge. _963571 |
|
| 710 | 2 |
_aTheatre Workshop. _9171764 |
|
| 710 | 2 |
_aCuadernos para el Diálogo. _93333 |
|
| 830 | 1 | 0 |
_aLibros de teatro (Cuadernos para el Diálogo) _v18 _9180757 |
| 852 |
_aES-MaACL _jA-9847 |
||
| 852 |
_aES-MaACL _jC-40675 |
||
| 999 |
_c92568 _d92568 |
||